Statistics for Darling Seventeen word for word

Click here to take the quiz!

General Stats

  • This quiz has been taken 521 times
  • The average score is 304 of 346

Answer Stats

Answer% Correct
darlin
99%
I
99%
i
99%
you
99%
I'm
98%
know
98%
so
98%
call
97%
no
97%
with
97%
in
96%
lonely
96%
when
96%
without
96%
your
96%
911
95%
calling
95%
baby
94%
here
94%
not
94%
darling
93%
diving
92%
you're
92%
into
90%
the
90%
my
89%
to
89%
dna
88%
do
88%
heat
88%
be
87%
blood
87%
can
87%
type
86%
heart
85%
me
85%
or
85%
out
85%
problem
85%
sun
85%
want
85%
again
84%
go
84%
our
84%
wait
84%
babe
83%
see
83%
yeah
83%
and
82%
can't
82%
is
82%
more
82%
now
82%
always
81%
for
81%
love
81%
night
81%
that
81%
this
81%
every
80%
than
80%
worry
80%
but
79%
we
79%
let
78%
waiting
78%
way
78%
where
78%
am
77%
circles
77%
hotter
77%
one
77%
under
77%
care
76%
don't
76%
drinking
76%
falling
76%
if
76%
of
76%
sorry
76%
tequila
76%
all
75%
better
75%
kiss
75%
need
75%
wanna
75%
bitter
74%
feed
74%
friends
74%
round
74%
won't
74%
been
73%
cause
73%
taste
73%
what
73%
say
72%
alone
71%
arms
71%
fighting
71%
supposed
71%
treat
71%
was
71%
goodbye
70%
promise
70%
take
70%
granted
69%
honey
69%
think
69%
come
68%
it's
68%
yours
68%
got
67%
like
67%
being
66%
isn't
66%
dialing
65%
gotta
60%
never
59%
I'ma
58%

Score Distribution

Percentile by Number Answered

Percent of People with Each Score

Your Score History

You have not taken this quiz